[Event "CZE-ch 2020"]
[Site "Pilsen"]
[Date "2020.08.29"]
[Round "7.10"]
[White "Rabatin, Jakub"]
[Black "Hurdzan, Tomas"]
[Result "1/2-1/2"]
[WhiteElo "2291"]
[BlackElo "2325"]
[Annotator "ChessBase"]
[PlyCount "73"]
[EventDate "2020.08.23"]
[EventType "swiss"]
[EventCountry "CZE"]
[SourceTitle "playchess.com"]
[Source "ChessBase"]
[SourceQuality "1"]
[TimeControl "40/5400+30:1800+30"]

1. e4 {[%emt 0:00:00]} e6 {[%emt 0:00:00]} 2. d4 {[%emt 0:00:00]} d5 {[%emt 0:00:00]} 3. Nd2 {[%emt 0:00:05]} Be7 {[%emt 0:00:11]} 4. Bd3 {[%emt 0:04:50]} c5 {[%emt 0:00:29]} 5. dxc5 {[%emt 0:08:39]} Nf6 {[%emt 0:00:52]} 6. exd5 {[%emt 0:04:24]} Qxd5 {[%emt 0:00:42]} 7. Ngf3 {[%emt 0:00:24]} Nbd7 {[%emt 0:02:04]} 8. O-O {[%emt 0:03:50]} O-O {[%emt 0:04:20]} 9. b4 {[%emt 0:10:07]} a5 {[%emt 0:02:49]} 10. Bc4 {[%emt 0:00:04]} Qh5 {[%emt 0:01:31]} 11. c3 {[%emt 0:01:38]} Nd5 {[%emt 0:15:25]} 12. Bxd5 {[%emt 0:11:09]} Qxd5 {[%emt 0:00:19]} 13. a3 {[%emt 0:10:30]} b6 {[%emt 0:10:21]} 14. cxb6 {[%emt 0:00:36]} Nxb6 {[%emt 0:02:01]} 15. Nb3 {[%emt 0:03:52]} a4 {[%emt 0:05:13]} 16. Na5 {[%emt 0:01:40]} Ba6 {[%emt 0:17:42]} 17. Re1 {[%emt 0:05:37]} Rac8 {[%emt 0:09:32]} 18. Bb2 {[%emt 0:12:11]} Bf6 {[%emt 0:00:55]} 19. Nd4 {[%emt 0:03:39]} Rfd8 {[%emt 0:02:44]} 20. Ndc6 {[%emt 0:08:29]} Rd6 {[%emt 0:04:29]} 21. Qxd5 {[%emt 0:00:23]} Nxd5 {[%emt 0:00:41]} 22. Rad1 {[%emt 0:00:19]} Kf8 {[%emt 0:04:18]} 23. c4 {[%emt 0:07:43]} Bxb2 {[%emt 0:01:28]} 24. cxd5 {[%emt 0:00:09]} Rxd5 {[%emt 0:04:49]} 25. Rxd5 {[%emt 0:00:27]} exd5 {[%emt 0:00:05]} 26. Rb1 {[%emt 0:00:51]} Re8 {[%emt 0:04:25]} 27. h3 {[%emt 0:01:07]} Re2 {[%emt 0:00:51]} 28. Rd1 {[%emt 0:00:35]} Bc4 {[%emt 0:02:31]} 29. Nd4 {[%emt 0:00:40]} Re8 {[%emt 0:01:41]} 30. Nac6 {[%emt 0:00:17]} Rc8 {[%emt 0:01:53]} 31. Rb1 {[%emt 0:00:35]} Bxa3 {[%emt 0:00:16]} 32. Ra1 {[%emt 0:00:04]} Bb2 {[%emt 0:00:11]} 33. Rxa4 {[%emt 0:00:05]} Bb5 {[%emt 0:00:56]} 34. Ra2 {[%emt 0:01:03]} Bxd4 {[%emt 0:00:40]} 35. Nxd4 {[%emt 0:00:03]} Bc4 {[%emt 0:00:30]} 36. Rb2 {[%emt 0:00:29]} Ke7 {[%emt 0:00:17]} 37. f3 {[%emt 0:01:12]} 1/2-1/2

[Event "CZE-ch 2020"]
[Site "Pilsen"]
[Date "2020.08.29"]
[Round "7.11"]
[White "Finek, Vaclav"]
[Black "Svanda, Ondrej"]
[Result "1-0"]
[WhiteElo "2344"]
[BlackElo "2250"]
[Annotator "ChessBase"]
[PlyCount "83"]
[EventDate "2020.08.23"]
[EventType "swiss"]
[EventCountry "CZE"]
[SourceTitle "playchess.com"]
[Source "ChessBase"]
[SourceQuality "1"]
[TimeControl "40/5400+30:1800+30"]

1. Nf3 {[%emt 0:00:00]} g6 {[%emt 0:01:47]} 2. c4 {[%emt 0:00:08]} Bg7 {[%emt 0:01:21]} 3. d4 {[%emt 0:00:17]} d6 {[%emt 0:00:04]} 4. g3 {[%emt 0:01:07]} c5 {[%emt 0:00:10]} 5. Bg2 {[%emt 0:00:28]} cxd4 {[%emt 0:00:57]} 6. Nxd4 {[%emt 0:00:57]} Qb6 {[%emt 0:00:07]} 7. Nb3 {[%emt 0:02:21]} Qb4+ {[%emt 0:14:20]} 8. N1d2 {[%emt 0:04:50]} Nf6 {[%emt 0:06:21]} 9. O-O {[%emt 0:07:16]} O-O {[%emt 0:00:35]} 10. e4 {[%emt 0:03:17]} Nc6 {[%emt 0:01:50]} 11. Qe2 {[%emt 0:00:19]} a5 {[%emt 0:07:05]} 12. Nf3 {[%emt 0:08:58]} Be6 {[%emt 0:00:29]} 13. Nbd2 {[%emt 0:00:47]} a4 {[%emt 0:07:20]} 14. Rb1 {[%emt 0:03:03]} Rfc8 {[%emt 0:05:33]} 15. Ng5 {[%emt 0:06:56]} Bg4 {[%emt 0:01:50]} 16. Qe3 {[%emt 0:05:01]} h6 {[%emt 0:02:25]} 17. Ngf3 {[%emt 0:00:42]} Be6 {[%emt 0:02:33]} 18. b3 {[%emt 0:09:22]} a3 {[%emt 0:00:03]} 19. Rd1 {[%emt 0:02:29]} Qc5 {[%emt 0:07:47]} 20. Qe2 {[%emt 0:03:14]} Nb4 {[%emt 0:03:11]} 21. Nf1 {[%emt 0:05:40]} Nxe4 {[%emt 0:29:31]} 22. Qxe4 {[%emt 0:01:24]} Bf5 {[%emt 0:01:19]} 23. Qe1 {[%emt 0:01:31]} Bxb1 {[%emt 0:00:01]} 24. Be3 {[%emt 0:00:52]} Nc2 {[%emt 0:00:09]} 25. Bxc5 {[%emt 0:01:20]} Nxe1 {[%emt 0:00:01]} 26. Rxe1 {[%emt 0:01:32]} Bxa2 {[%emt 0:00:04]} 27. Bd4 {[%emt 0:00:43]} e5 {[%emt 0:03:32]} 28. Ba1 {[%emt 0:01:20]} Rab8 {[%emt 0:02:44]} 29. N3d2 {[%emt 0:02:18]} b5 {[%emt 0:00:02]} 30. Bd5 {[%emt 0:01:21]} bxc4 {[%emt 0:00:34]} 31. bxc4 {[%emt 0:02:45]} e4 {[%emt 0:00:34]} 32. Bxg7 {[%emt 0:02:53]} Kxg7 {[%emt 0:00:01]} 33. Re3 {[%emt 0:00:31]} f5 {[%emt 0:01:20]} 34. Rxa3 {[%emt 0:00:22]} Bb1 {[%emt 0:00:01]} 35. Ra7+ {[%emt 0:04:30]} Kf6 {[%emt 0:00:12]} 36. f4 {[%emt 0:01:26]} exf3 {[%emt 0:01:01]} 37. Rf7+ {[%emt 0:00:23]} Kg5 {[%emt 0:00:04]} 38. h4+ {[%emt 0:02:16]} Kg4 {[%emt 0:00:10]} 39. Bxf3+ {[%emt 0:00:48]} Kh3 {[%emt 0:00:02]} 40. Bg2+ {[%emt 0:08:50]} Kg4 {[%emt 0:00:01]} 41. Bf3+ {[%emt 0:30:07]} Kh3 {[%emt 0:30:03]} 42. Rf6 {[%emt 0:02:39]} 1-0

[Event "CZE-ch 2020"]
[Site "Pilsen"]
[Date "2020.08.29"]
[Round "7.12"]
[White "Cerveny, Petr"]
[Black "Nytra, Ondrej"]
[Result "1-0"]
[WhiteElo "2340"]
[BlackElo "1925"]
[Annotator "ChessBase"]
[PlyCount "93"]
[EventDate "2020.08.23"]
[EventType "swiss"]
[EventCountry "CZE"]
[SourceTitle "playchess.com"]
[Source "ChessBase"]
[SourceQuality "1"]
[TimeControl "40/5400+30:1800+30"]

1. e4 {[%emt 0:00:00]} e5 {[%emt 0:00:00]} 2. Nf3 {[%emt 0:00:00]} Nc6 {[%emt 0:00:00]} 3. Bb5 {[%emt 0:00:00]} a6 {[%emt 0:00:00]} 4. Ba4 {[%emt 0:00:00]} Nf6 {[%emt 0:00:00]} 5. O-O {[%emt 0:00:00]} Be7 {[%emt 0:01:03]} 6. Re1 {[%emt 0:00:43]} b5 {[%emt 0:00:12]} 7. Bb3 {[%emt 0:00:03]} d6 {[%emt 0:00:42]} 8. a4 {[%emt 0:00:21]} Bg4 {[%emt 0:01:23]} 9. c3 {[%emt 0:00:07]} O-O {[%emt 0:00:31]} 10. h3 {[%emt 0:00:27]} Bh5 {[%emt 0:00:24]} 11. d3 {[%emt 0:00:16]} Qd7 {[%emt 0:04:28]} 12. Nbd2 {[%emt 0:00:26]} b4 {[%emt 0:00:39]} 13. a5 {[%emt 0:01:06]} Nd8 {[%emt 0:05:30]} 14. Nf1 {[%emt 0:04:40]} bxc3 {[%emt 0:17:00]} 15. bxc3 {[%emt 0:00:07]} Ne6 {[%emt 0:00:02]} 16. Ng3 {[%emt 0:02:51]} Bg6 {[%emt 0:00:31]} 17. Nh4 {[%emt 0:15:38]} c6 {[%emt 0:07:21]} 18. Nhf5 {[%emt 0:07:22]} Bd8 {[%emt 0:00:34]} 19. Qf3 {[%emt 0:04:43]} Nc5 {[%emt 0:05:05]} 20. Bc2 {[%emt 0:00:14]} Re8 {[%emt 0:07:41]} 21. Be3 {[%emt 0:05:26]} Rb8 {[%emt 0:01:16]} 22. Bxc5 {[%emt 0:07:06]} dxc5 {[%emt 0:00:07]} 23. Ne3 {[%emt 0:00:12]} Rb2 {[%emt 0:01:24]} 24. Qe2 {[%emt 0:04:22]} h5 {[%emt 0:07:40]} 25. Nc4 {[%emt 0:00:06]} Rb7 {[%emt 0:00:10]} 26. Qe3 {[%emt 0:00:37]} h4 {[%emt 0:02:44]} 27. Nf1 {[%emt 0:00:41]} Qe7 {[%emt 0:08:52]} 28. Ba4 {[%emt 0:01:29]} Rc7 {[%emt 0:02:19]} 29. Nfd2 {[%emt 0:02:37]} Nh5 {[%emt 0:00:35]} 30. Nf3 {[%emt 0:05:05]} Qf6 {[%emt 0:03:04]} 31. Qxc5 {[%emt 0:11:22]} Nf4 {[%emt 0:00:11]} 32. Ncxe5 {[%emt 0:08:12]} Bh5 {[%emt 0:01:16]} 33. Re3 {[%emt 0:03:11]} Be7 {[%emt 0:17:16]} 34. Qc4 {[%emt 0:00:43]} Bd6 {[%emt 0:06:19]} 35. d4 {[%emt 0:06:31]} Bxe5 {[%emt 0:00:37]} 36. Nxe5 {[%emt 0:02:14]} Qg5 {[%emt 0:00:33]} 37. Qf1 {[%emt 0:01:35]} Rxe5 {[%emt 0:00:28]} 38. dxe5 {[%emt 0:00:25]} Rb7 {[%emt 0:00:01]} 39. Bd1 {[%emt 0:00:49]} Rb2 {[%emt 0:01:00]} 40. Bxh5 {[%emt 0:00:57]} Qxh5 {[%emt 0:00:01]} 41. Qxa6 {[%emt 0:35:19]} Kh7 {[%emt 0:02:32]} 42. Qc8 {[%emt 0:00:00]} g6 {[%emt 0:00:56]} 43. Qg4 {[%emt 0:00:00]} Qxe5 {[%emt 0:00:06]} 44. a6 {[%emt 0:00:00]} Ne6 {[%emt 0:00:35]} 45. a7 {[%emt 0:00:00]} Nc7 {[%emt 0:00:02]} 46. Qxh4+ {[%emt 0:00:00]} Kg7 {[%emt 0:00:09]} 47. Qg3 {[%emt 0:00:00]} 1-0

[Event "CZE-ch 2020"]
[Site "Pilsen"]
[Date "2020.08.29"]
[Round "7.13"]
[White "Riha, Vojtech"]
[Black "Mica, Marek"]
[Result "1/2-1/2"]
[WhiteElo "2270"]
[BlackElo "2315"]
[Annotator "TA"]
[PlyCount "118"]
[EventDate "2020.08.23"]
[EventType "swiss"]
[EventCountry "CZE"]
[SourceTitle "playchess.com"]
[Source "ChessBase"]
[SourceQuality "1"]

{[%evp 10,118,58,44,42,45,43,44,43,0,9,9,18,0,0,0,-2,-3,2,0,20,22,27,7,14,0,0,0,0,0,0,0,14,-35,-36,-21,29,0,0,-18,-18,-36,-37,-41,-8,-1,-12,-1,-12,-9,0,-20,0,-66,0,0,0,0,0,0,0,0,0,0,0,0,30,38,297,277,297,297,287,215,250,245,297,297,271,264,256,243,295,152,159,133,131,134,1103,1015,995,1012,1322,0,0,0,0,0,0,0,0,0,0,0,0,0,0,0,0,0,0]} 1. e4 d5 2. exd5 Qxd5 3. Nc3 Qd6 4. d4 Nf6 5. Nf3 c6 6. Ne5 Nbd7 {B01: Scandinavian Defence.} 7. Bf4 Nd5 8. Nxd5 Qxd5 {White is slightly better.} 9. Qd3 Nxe5 10. dxe5 Qa5+ 11. c3 g6 {[#]} 12. Be2 $146 ({Predecessor:} 12. Qe3 Be6 13. Be2 Bg7 14. a4 O-O 15. b4 Qd5 16. O-O Rfd8 17. a5 g5 18. Bg3 {½-½ (37) Howell,D (2519)-Tiviakov,S (2648) Ottawa 2007}) 12... Bg7 13. Qg3 Be6 14. O-O Rd8 15. Rfe1 h5 16. h4 Rd7 17. Bd3 O-O 18. Bc2 Qb6 19. b3 {[%cal Bb2b3,Bb3b4][%mdl 32]} Qc5 20. b4 Qb5 21. Bb3 Bxb3 22. axb3 e6 23. Rxa7 (23. Ra5 $5 {[%cal Ra5b5]} Qb6 24. Be3 $14) 23... Rd3 24. c4 Qxb4 25. Qxd3 Qxe1+ {[%mdl 64] Double Attack} 26. Qf1 Qe4 27. g3 $1 Bxe5 28. Bxe5 Qxe5 29. Rxb7 $11 {[%mdl 4096] Endgame KQR-KQR} Ra8 {...Ra1 is the strong threat.} 30. Rd7 c5 31. Rd3 (31. Rd1 $11) 31... Ra1 (31... Ra2 $15) 32. Rd1 Ra2 33. Qd3 Rb2 34. Qf3 Kg7 35. Rd7 Qf6 36. Qe3 Rb1+ 37. Kg2 Qa1 {Threatening ...Rg1+.} 38. Qxe6 $40 {[%mdl 128] White has some attack.} Rg1+ $2 {[%mdl 8192]} ({Better is} 38... Qa8+ $1 $14 39. Qd5 Qxd5+ 40. Rxd5 (40. cxd5 Rxb3 41. Rc7 Rc3 $11) 40... Rxb3) 39. Kf3 $18 Qc3+ 40. Kf4 Qc1+ 41. Qe3 Qxe3+ 42. Kxe3 {KR-KR} Kf6 43. Rc7 Rb1 44. Rxc5 Rxb3+ {[#]} 45. Ke4 $1 Ke6 {[#]} 46. Rb5 ({Only move:} 46. Re5+ $1 $18 Kd7 47. Kd5) 46... Rc3 $16 47. Rb6+ Ke7 48. Kd5 Rc2 $2 {[%mdl 8192]} (48... Rf3 $16) 49. Rb7+ $18 Ke8 50. c5 Rxf2 51. Rb3 $2 (51. Kd6 $18 {[%cal Rb7b8]} Rd2+ 52. Kc7) 51... Kd7 $11 {The position is equal.} 52. c6+ Kc7 53. Rb7+ Kc8 54. Rb4 Rf3 55. Rf4 Rxg3 56. Rxf7 g5 57. hxg5 Rxg5+ 58. Kd6 {[%cal Rf7f8]} Rg6+ 59. Kc5 {And now Kb6 would win.} Rg1 {Black defended with fortune. Accuracy: White = 82%, Black = 72%.} 1/2-1/2

[Event "CZE-ch 2020"]
[Site "Pilsen"]
[Date "2020.08.29"]
[Round "7.14"]
[White "Nemec, Pavel"]
[Black "Stalmach, Richard"]
[Result "1-0"]
[WhiteElo "2243"]
[BlackElo "2273"]
[Annotator "NA"]
[PlyCount "73"]
[EventDate "2020.08.23"]
[EventType "swiss"]
[EventCountry "CZE"]
[SourceTitle "playchess.com"]
[Source "ChessBase"]
[SourceQuality "1"]
[TimeControl "40/5400+30:1800+30"]

1. e4 {[%emt 0:00:00]} c5 {[%emt 0:00:00]} 2. Nf3 {[%emt 0:00:00]} e6 {[%emt 0:00:00]} 3. d4 {[%emt 0:00:05]} cxd4 {[%emt 0:00:00]} 4. Nxd4 {[%emt 0:00:10]} Nc6 {[%emt 0:00:01]} 5. Nc3 {[%emt 0:00:08]} Nf6 {[%emt 0:00:06]} 6. Nxc6 {[%emt 0:00:35]} bxc6 {[%emt 0:00:06]} 7. e5 {[%emt 0:00:21]} Nd5 {[%emt 0:00:08]} 8. Ne4 {[%emt 0:00:15]} Qc7 {[%emt 0:00:36]} 9. f4 {[%emt 0:00:31]} f5 {[%emt 0:00:22]} 10. exf6 {[%emt 0:00:35]} gxf6 {[%emt 0:00:06]} 11. Bd3 {[%emt 0:00:23]} Qb6 {[%emt 0:00:16]} 12. a3 {[%emt 0:00:43]} Be7 {[%emt 0:01:21]} 13. Qh5+ {[%emt 0:00:36]} Kd8 {[%emt 0:00:10]} 14. Qe2 {[%emt 0:05:19]} Rg8 {[%emt 0:09:41]} 15. c4 {[%emt 0:01:09]} f5 {[%emt 0:00:15]} 16. Ng5 {[%emt 0:07:25]} Nf6 $1 {[%emt 0:00:22]} 17. Bd2 {[%emt 0:07:08]} c5 {[%emt 0:23:11] [#]} 18. O-O-O $1 {[%emt 0:03:12]} Bb7 $16 {[%emt 0:05:53]} 19. Rhe1 {[%emt 0:24:31]} h6 {[%emt 0:03:20]} 20. Bxf5 {[%emt 0:02:52]} hxg5 {[%emt 0:03:44]} 21. fxg5 {[%emt 0:00:18]} Rb8 {[%emt 0:12:57]} 22. gxf6 {[%emt 0:19:01]} Bxf6 {[%emt 0:05:42]} 23. Ba5 {[%emt 0:00:52]} Qxa5 {[%emt 0:09:26]} 24. Rxd7+ {[%emt 0:00:18]} Kc8 {[%emt 0:00:02]} 25. Qxe6 {[%emt 0:00:14]} Bxb2+ {[%emt 0:04:35]} 26. Kb1 {[%emt 0:00:01]} Be4+ {[%emt 0:03:09]} 27. Qxe4 {[%emt 0:01:30]} Qxe1+ {[%emt 0:00:25]} 28. Qxe1 {[%emt 0:00:08]} Bc3+ {[%emt 0:00:21]} 29. Rb7+ {[%emt 0:00:07]} Kxb7 {[%emt 0:00:03]} 30. Qxc3 {[%emt 0:00:21]} Rxg2 {[%emt 0:00:03]} 31. Kc1 {[%emt 0:06:59]} Ka6 {[%emt 0:05:40]} 32. Qf6+ {[%emt 0:05:06]} Ka5 {[%emt 0:00:33]} 33. Qd6 {[%emt 0:00:33]} Rbb2 {[%emt 0:01:10]} 34. Qxc5+ {[%emt 0:00:15]} Ka4 {[%emt 0:00:02]} 35. Qe3 {[%emt 0:02:54]} a5 {[%emt 0:02:10]} 36. Bd7+ {[%emt 0:00:10]} Rb5 {[%emt 0:00:02]} 37. Bxb5# {[%emt 0:00:12]} 1-0

[Event "CZE-ch 2020"]
[Site "Pilsen"]
[Date "2020.08.29"]
[Round "7.15"]
[White "Houska, Jiri"]
[Black "Serrano, Salvador Eduardo"]
[Result "1/2-1/2"]
[WhiteElo "2202"]
[BlackElo "2299"]
[Annotator "ChessBase"]
[PlyCount "82"]
[EventDate "2020.08.23"]
[EventType "swiss"]
[EventCountry "CZE"]
[SourceTitle "playchess.com"]
[Source "ChessBase"]
[SourceQuality "1"]
[TimeControl "40/5400+30:1800+30"]

1. e4 {[%emt 0:00:00]} e5 {[%emt 0:01:31]} 2. Nf3 {[%emt 0:00:00]} Nf6 {[%emt 0:00:06]} 3. Nxe5 {[%emt 0:00:00]} d6 {[%emt 0:00:05]} 4. Nf3 {[%emt 0:00:00]} Nxe4 {[%emt 0:00:05]} 5. d4 {[%emt 0:00:27]} d5 {[%emt 0:00:08]} 6. c4 {[%emt 0:00:42]} Bb4+ {[%emt 0:02:45]} 7. Nbd2 {[%emt 0:03:14]} O-O {[%emt 0:01:31]} 8. cxd5 {[%emt 0:10:35]} Qxd5 {[%emt 0:09:49]} 9. Be2 {[%emt 0:00:10]} Nc6 {[%emt 0:01:55]} 10. O-O {[%emt 0:00:17]} Bxd2 {[%emt 0:01:13]} 11. Bxd2 {[%emt 0:00:40]} Nxd4 {[%emt 0:07:47]} 12. Nxd4 {[%emt 0:04:42]} Qxd4 {[%emt 0:00:11]} 13. Bf4 {[%emt 0:00:45]} Qxb2 {[%emt 0:05:24]} 14. Bf3 {[%emt 0:00:33]} Nd6 {[%emt 0:06:18]} 15. Bxd6 {[%emt 0:05:27]} cxd6 {[%emt 0:00:13]} 16. Qxd6 {[%emt 0:00:10]} Be6 {[%emt 0:05:43]} 17. Rfb1 {[%emt 0:02:15]} Qf6 {[%emt 0:01:06]} 18. Bxb7 {[%emt 0:01:25]} Rab8 {[%emt 0:01:57]} 19. Qa6 {[%emt 0:22:15]} Qg6 {[%emt 0:08:09]} 20. Re1 {[%emt 0:08:06]} Qg5 {[%emt 0:03:51]} 21. Bf3 {[%emt 0:02:43]} Qc5 {[%emt 0:00:59]} 22. Rec1 {[%emt 0:05:30]} Qd4 {[%emt 0:03:06]} 23. Rd1 {[%emt 0:01:45]} Qb6 {[%emt 0:00:18]} 24. Qxb6 {[%emt 0:01:13]} Rxb6 {[%emt 0:00:07]} 25. Bd5 {[%emt 0:15:23]} Rb2 {[%emt 0:04:27]} 26. h3 {[%emt 0:04:04]} h6 {[%emt 0:01:42]} 27. Bb3 {[%emt 0:02:39]} a5 {[%emt 0:02:17]} 28. Rd4 {[%emt 0:06:42]} Ra8 {[%emt 0:03:35]} 29. Bxe6 {[%emt 0:00:36]} fxe6 {[%emt 0:00:04]} 30. Ra4 {[%emt 0:00:06]} Rf8 {[%emt 0:00:20]} 31. Rf1 {[%emt 0:00:28]} Rf5 {[%emt 0:00:04]} 32. g4 {[%emt 0:01:03]} Re5 {[%emt 0:01:05]} 33. Kg2 {[%emt 0:00:34]} g5 {[%emt 0:01:40]} 34. Kg3 {[%emt 0:00:10]} Kg7 {[%emt 0:00:56]} 35. h4 {[%emt 0:00:38]} Rc2 {[%emt 0:00:56]} 36. hxg5 {[%emt 0:00:00]} hxg5 {[%emt 0:00:00]} 37. Ra3 {[%emt 0:00:53]} Kg6 {[%emt 0:00:02]} 38. f4 {[%emt 0:01:18]} gxf4+ {[%emt 0:02:46]} 39. Rxf4 {[%emt 0:00:43]} Ree2 {[%emt 0:02:34]} 40. Rxa5 {[%emt 0:00:54]} Rg2+ {[%emt 0:02:49]} 41. Kh3 {[%emt 0:05:13]} Rxa2 {[%emt 0:04:18]} 1/2-1/2

[Event "CZE-ch 2020"]
[Site "Pilsen"]
[Date "2020.08.29"]
[Round "7.16"]
[White "Klement, Lukas"]
[Black "Novotny, Martin"]
[Result "1/2-1/2"]
[WhiteElo "2260"]
[BlackElo "2180"]
[Annotator "ChessBase"]
[PlyCount "123"]
[EventDate "2020.08.23"]
[EventType "swiss"]
[EventCountry "CZE"]
[SourceTitle "playchess.com"]
[Source "ChessBase"]
[SourceQuality "1"]
[TimeControl "40/5400+30:1800+30"]

1. d4 {[%emt 0:00:00]} d5 {[%emt 0:05:11]} 2. Nf3 {[%emt 0:00:11]} Nf6 {[%emt 0:00:11]} 3. Bf4 {[%emt 0:00:27]} e6 {[%emt 0:03:54]} 4. e3 {[%emt 0:01:38]} Bd6 {[%emt 0:01:02]} 5. Ne5 {[%emt 0:02:46]} O-O {[%emt 0:04:25]} 6. Nd2 {[%emt 0:00:52]} c5 {[%emt 0:01:37]} 7. c3 {[%emt 0:03:49]} Qc7 {[%emt 0:02:21]} 8. Bg3 {[%emt 0:02:17]} Nc6 {[%emt 0:18:58]} 9. f4 {[%emt 0:01:37]} b6 {[%emt 0:01:37]} 10. Bd3 {[%emt 0:00:32]} Bb7 {[%emt 0:00:48]} 11. Bh4 {[%emt 0:03:16]} Ne4 {[%emt 0:11:38]} 12. Nxe4 {[%emt 0:06:42]} dxe4 {[%emt 0:00:15]} 13. Bxe4 {[%emt 0:01:45]} Nxe5 {[%emt 0:01:53]} 14. dxe5 {[%emt 0:00:36]} Be7 {[%emt 0:11:31]} 15. Bxe7 {[%emt 0:02:37]} Qxe7 {[%emt 0:00:08]} 16. Bxb7 {[%emt 0:00:22]} Qxb7 {[%emt 0:00:06]} 17. Qf3 {[%emt 0:00:38]} Qa6 {[%emt 0:02:48]} 18. Qe2 {[%emt 0:05:08]} c4 {[%emt 0:01:48]} 19. Kf2 {[%emt 0:06:44]} Rad8 {[%emt 0:01:12]} 20. Rhd1 {[%emt 0:01:02]} Rd3 {[%emt 0:01:18]} 21. Rxd3 {[%emt 0:02:10]} cxd3 {[%emt 0:00:06]} 22. Qd2 {[%emt 0:00:11]} Rd8 {[%emt 0:00:45]} 23. b3 {[%emt 0:01:33]} Qb7 {[%emt 0:02:11]} 24. c4 {[%emt 0:01:00]} Qe4 {[%emt 0:02:33]} 25. Rc1 {[%emt 0:00:58]} g5 {[%emt 0:04:59]} 26. b4 {[%emt 0:03:00]} gxf4 {[%emt 0:08:53]} 27. exf4 {[%emt 0:00:14]} Rd4 {[%emt 0:01:22]} 28. g3 {[%emt 0:12:05]} Rxc4 {[%emt 0:02:26]} 29. Rxc4 {[%emt 0:00:11]} Qxc4 {[%emt 0:00:04]} 30. Ke3 {[%emt 0:00:12]} Kg7 {[%emt 0:00:52]} 31. a3 {[%emt 0:03:09]} h5 {[%emt 0:03:23]} 32. h4 {[%emt 0:06:51]} Qd5 {[%emt 0:01:32]} 33. Qxd3 {[%emt 0:02:15]} Qg2 {[%emt 0:00:14]} 34. Kd4 {[%emt 0:00:19]} Qd5+ {[%emt 0:00:02]} 35. Kc3 {[%emt 0:00:55]} Qa2 {[%emt 0:00:04]} 36. Qa6 {[%emt 0:02:39]} Qa1+ {[%emt 0:00:51]} 37. Kd2 {[%emt 0:01:34]} Qb2+ {[%emt 0:01:51]} 38. Ke3 {[%emt 0:00:39]} Qc1+ {[%emt 0:00:17]} 39. Kf2 {[%emt 0:00:27]} Qb2+ {[%emt 0:00:28]} 40. Qe2 {[%emt 0:14:51]} Qxa3 {[%emt 0:02:19]} 41. b5 {[%emt 0:31:12]} Qc5+ {[%emt 0:04:54]} 42. Kg2 {[%emt 0:00:00]} Qd5+ {[%emt 0:02:50]} 43. Kh2 {[%emt 0:00:00]} Kh6 {[%emt 0:01:05]} 44. Qe3 {[%emt 0:00:00]} Kh7 {[%emt 0:05:42]} 45. Qe2 {[%emt 0:00:00]} Kh6 {[%emt 0:01:07]} 46. Kg1 {[%emt 0:04:01]} Qc5+ {[%emt 0:03:34]} 47. Kf1 {[%emt 0:00:08]} Qd5 {[%emt 0:00:29]} 48. Kf2 {[%emt 0:00:42]} Qc5+ {[%emt 0:02:14]} 49. Kg2 {[%emt 0:01:14]} Qd5+ {[%emt 0:00:33]} 50. Kh2 {[%emt 0:00:23]} Qd4 {[%emt 0:01:59]} 51. f5 {[%emt 0:01:23]} exf5 {[%emt 0:01:28]} 52. e6 {[%emt 0:00:20]} fxe6 {[%emt 0:00:12]} 53. Qxe6+ {[%emt 0:00:05]} Kg7 {[%emt 0:00:39]} 54. Qe7+ {[%emt 0:00:16]} Kg6 {[%emt 0:02:26]} 55. Qg5+ {[%emt 0:00:08]} Kf7 {[%emt 0:00:18]} 56. Qxf5+ {[%emt 0:00:57]} Ke7 {[%emt 0:00:52]} 57. Qg5+ {[%emt 0:01:05]} Ke6 {[%emt 0:00:56]} 58. Qxh5 {[%emt 0:01:26]} Qf2+ {[%emt 0:00:37]} 59. Kh3 {[%emt 0:00:13]} Qf1+ {[%emt 0:00:11]} 60. Kh2 {[%emt 0:03:11]} Qf2+ {[%emt 0:00:04]} 61. Kh1 {[%emt 0:00:09]} Qf1+ {[%emt 0:00:29]} 62. Kh2 {[%emt 0:00:04]} 1/2-1/2

[Event "CZE-ch 2020"]
[Site "Pilsen"]
[Date "2020.08.29"]
[Round "7.17"]
[White "Zeman, Matyas"]
[Black "Hlozek, David"]
[Result "1/2-1/2"]
[WhiteElo "2250"]
[BlackElo "2037"]
[Annotator "TA"]
[PlyCount "110"]
[EventDate "2020.08.23"]
[EventType "swiss"]
[EventCountry "CZE"]
[SourceTitle "playchess.com"]
[Source "ChessBase"]
[SourceQuality "1"]

{[%evp 16,110,18,10,9,9,0,-4,-6,-22,48,21,23,19,31,24,30,11,14,0,10,16,108,-22,-17,-12,0,0,0,0,43,38,41,40,54,44,79,79,81,76,86,69,72,68,72,34,39,39,47,0,0,0,0,8,54,47,57,0,8,8,8,8,8,8,8,8,8,8,8,8,8,0,0,0,0,-9,24,0,0,-16,0,0,0,0,0,0,0,0,0,-8,-4,-8,-2,-6,0,0,0]} 1. e4 c5 2. Nf3 d6 3. d4 cxd4 4. Qxd4 Nc6 5. Bb5 Bd7 6. Bxc6 Bxc6 7. Nc3 h6 8. O-O e5 9. Qd3 Nf6 {B53: Sicilian: 2...d6: Lines with Qxd4.} 10. Be3 Be7 11. Rfd1 O-O 12. a4 {[#]} Ng4 $146 ({Black should try} 12... Qc8 $11) ({Predecessor:} 12... Qc7 13. Nd2 Rfc8 14. Nf1 Bd7 15. f3 Bf8 16. Bf2 Qc4 17. Qxc4 Rxc4 18. Ne3 Rcc8 {½-½ (37) Voloshin,L (2466)-Kersten,U (2316) Marianske Lazne 2006}) 13. h3 Nxe3 14. Qxe3 Qc7 15. Qd3 Rfd8 16. Rd2 Rac8 17. Nb5 Qb6 18. c4 $1 f5 (18... a6 $11 19. Nc3 Qb4) 19. Nc3 (19. exf5 $16 e4 20. Qb3) 19... fxe4 $11 20. Nxe4 Bxe4 (20... Qb4 {with more complications.} 21. Re2 d5 22. cxd5 Bxd5 23. Qb1 Rc4) 21. Qxe4 Qc6 22. Qxc6 Rxc6 (22... bxc6 {is interesting.} 23. Rad1 Kf7 24. c5 e4 25. cxd6 exf3 26. dxe7 Rxd2 27. Rxd2 Kxe7 28. gxf3 Rb8) 23. b3 Rb6 24. Rb1 Bf6 25. Rd5 Kf7 26. Nd2 Ke6 27. Ne4 Be7 28. f3 Rc8 {[#] And now ...Rxc4! would win.} 29. Rdd1 a6 30. Nc3 Rbc6 31. Rd3 Bd8 32. Kh1 Ba5 33. Ne4 Bb4 34. Rd5 g5 35. Rbd1 b6 36. g3 ({Better is} 36. Ra1 $14) 36... Rg8 37. Kg2 Rb8 38. h4 gxh4 39. Rh1 b5 $1 {[%cal Rb5c4]} 40. axb5 axb5 41. Rxh4 bxc4 42. bxc4 Rxc4 43. Rd3 Rd4 44. Rxh6+ Kd5 45. Rb3 Ra8 (45... Kc4 {feels hotter.} 46. Rb1 d5 47. Nf6 Rd2+ 48. Kh3 Rd8) 46. Rxb4 Rxb4 {The position is equal.} 47. Rxd6+ {[%mdl 4096] Endgame KRR-KRN} Kc4 48. g4 Rb2+ 49. Kg3 Ra1 50. Kh4 Rh1+ 51. Kg5 Rh3 52. f4 exf4 53. Kxf4 Rh1 54. Rc6+ Kd5 55. Rd6+ Kc4 {Accuracy: White = 82%, Black = 85%.} 1/2-1/2